Photography and Invisible Borders : Spaces of Imagination between Switzerland and Italy /
Think of national borders beyond just lines: this invitation guides Nicoletta Grillo's journey into the Swiss-Italian border, a journey shaped through the lens of photography theory and practice. Moving between contemporary cross-border work and south-north migrations, this study unveils today&...
المؤلف الرئيسي:
التنسيق: كتاب الكتروني
اللغة: English
منشور في:
Leiden ; Boston :
Brill,
2024.
سلاسل:
Early Modern History and Modern History E-Books Online, Collection 2024
Research / Art / Writing ;
1.
الموضوعات:
الوصول للمادة أونلاين: Login to view Source
الوسوم: إضافة وسم
رقم الطلب: N7480
| LEADER | 02253nam a22003978i 4500 | ||
|---|---|---|---|
| 001 | BRILL9789004703131 | ||
| 003 | nllekb | ||
| 005 | 20241030072130.0 | ||
| 006 | m d | ||
| 007 | cr un uuuua | ||
| 008 | 240918s2024 gw sb 001 0 eng d | ||
| 020 | |a 9789004703131 |q (electronic book) | ||
| 020 | |z 9789004699946 |q (print) | ||
| 024 | 7 | |a 10.1163/9789004703131 |2 DOI | |
| 040 | |a NL-LeKB |c NL-LeKB |e rda | ||
| 041 | |a eng | ||
| 050 | 4 | |a N7480 | |
| 072 | 7 | |a AB |2 bicssc | |
| 072 | 7 | |a ART |x 028000 |2 bisacsh | |
| 082 | 0 | 4 | |a 709 |2 23 |
| 100 | 1 | |a Grillo, Nicoletta, |e author. | |
| 245 | 1 | 0 | |a Photography and Invisible Borders : |b Spaces of Imagination between Switzerland and Italy / |c Nicoletta Grillo. |
| 246 | 3 | |a Spaces of Imagination between Switzerland and Italy | |
| 264 | 1 | |a Leiden ; |a Boston : |b Brill, |c 2024. | |
| 300 | |a 1 online resource (248 pages) : |b illustrations. | ||
| 490 | 1 | |a Early Modern History and Modern History E-Books Online, Collection 2024 | |
| 490 | 1 | |a Research / Art / Writing ; |v 1 | |
| 520 | |a Think of national borders beyond just lines: this invitation guides Nicoletta Grillo's journey into the Swiss-Italian border, a journey shaped through the lens of photography theory and practice. Moving between contemporary cross-border work and south-north migrations, this study unveils today's borderscapes as dynamic constellations of spatial practices and imaginations. The book delves into landscape representations by combining the analysis of contemporary photographic artwork with field research and with the author's own photographs, displayed in an extensive photo-textual travelogue. Perspectives from critical border studies, research in the arts, and urban studies come together to offer a larger reflection on the re-imagination of borderscapes. | ||
| 546 | |a English | ||
| 650 | 0 | |a Art History. | |
| 776 | 0 | 8 | |i Print version: |t Photography and Invisible Borders : Spaces of Imagination between Switzerland and Italy. |d Leiden ; Boston : Brill, 2024. |z 9789004699946 |
| 830 | 0 | |a Early Modern History and Modern History E-Books Online, Collection 2024 | |
| 830 | 0 | |a Research / Art / Writing ; |v 1. | |
| 856 | 4 | |z DOI: |u http://dx.doi.org/10.1163/9789004703131 | |
| 942 | |2 lcc |c EBOOK | ||
| 999 | |c 59428 |d 59428 | ||
